Christ as Seen in the Sources of the Christian Belief (Record no. 8807)

MARC details
000 -LEADER
fixed length control field 00600nam a2200229 a 4500
020 ## - INTERNATIONAL STANDARD BOOK NUMBER
ISBN
082 00 - DEWEY DECIMAL CLASSIFICATION NUMBER
Classification number 232.1
Author Cutter ABD2
100 ## - MAIN ENTRY--AUTHOR NAME
Author name Abdel-Wahab Ali, Ahmed
245 ## - TITLE STATEMENT
Title Christ as Seen in the Sources of the Christian Belief
260 ## - PUBLICATION, DISTRIBUTION, ETC. (IMPRINT)
Place of publication Ghaziabad
Name of publisher No Publisher
Year of publication 0000
300 ## - PHYSICAL DESCRIPTION
Number of Pages 213p
500 ## - GENERAL NOTE
General note includes index and biblioraphy
650 ## - SUBJECT ADDED ENTRY--TOPICAL TERM
Topical Term Jesus Christ-Messiahship
942 ## - ADDED ENTRY ELEMENTS (KOHA)
Koha item type Books
700 1# -
-- Abdel-Wahab Ali, Ahmed
Holdings
Collection code Home library Current library Date acquired Cost, normal purchase price Full call number Accession Number Koha item type
  Henry Martyn Institute Library Henry Martyn Institute Library 06/19/2007 100.00 232.1 ABD2 011968 Books
                   Copyright © 2026 | Henry Martyn Institute | Hyderabad | TS-500052 | INDIA | Implemented by hmi.edu.in
Hit-Count:

Powered by Koha